[Event "ISL-chT2 1921"]
[Site "Reykjavik"]
[Date "2019.10.05"]
[Round "3.2"]
[White "Baldvinsson, Loftur"]
[Black "Orrason, Alex Cambray"]
[Result "1-0"]
[WhiteElo "1933"]
[BlackElo "1516"]
[PlyCount "59"]
[EventDate "2019.10.04"]
[EventType "team-tourn"]
[EventRounds "7"]
[EventCountry "ISL"]
[SourceTitle "EXT 2024"]
[Source "ChessBase"]
[SourceDate "2023.10.10"]
[SourceVersion "1"]
[SourceVersionDate "2023.10.10"]
[SourceQuality "1"]
[WhiteTeam "KR CC"]
[BlackTeam "Hrokar alls Fagnadar"]
[WhiteTeamCountry "ISL"]
[BlackTeamCountry "ISL"]

1. e4 c5 2. Nf3 Nc6 3. d4 cxd4 4. Nxd4 Nf6 5. Nc3 e5 6. Ndb5 d6 7. Bg5 a6 8. Na3 b5 9. Bxf6 gxf6 10. Nd5 Be6 11. c3 Bg7 12. Nc2 0-0 13. Nce3 Ne7 14. Be2 Nxd5 15. exd5 Bd7 16. Bg4 Re8 17. Bf5 Bxf5 18. Nxf5 Kh8 19. Qh5 Qd7 20. Qg4 Bf8 21. h4 e4 22. Rh3 e3 23. fxe3 Qa7 24. Rg3 Bh6 25. Nxh6 Rxe3+ 26. Kd2 Rxg3 27. Qxg3 b4 28. Qf4 bxc3+ 29. bxc3 Kg7 30. Rf1 1-0